000 00616nam a2200193 i 4500
001 43650
003 ES-MaACL
005 20251012170620.0
007 t|
008 030318s1978 sp ||||1| spa d
100 1 _aCervera Pery, José.
_937642
245 1 0 _aAlzamiento y revolución en la marina /
_cJosé Cervera Pery.
260 _aMadrid :
_bSan Martín,
_c[1978]
300 _a404 p., 10 lám. ;
_c21 cm.
490 1 _aLa Marina en la Guerra de España. (1936-1939
830 0 _aLa Marina en la Guerra de España. (1936-1939)
_9229877
852 _aES-MaACL
_jA-9086
_bR.98596
999 _c43650
_d43650